Devinez le pays à partir de sa description - Statistiques

Statistiques générales
  • Ce quiz a été pris 163 fois
  • Le résultat moyen est 14 sur 18
Statistiques - réponses
Hint Réponse % Correct
Ses pyramides sont parmi les plus anciennes du monde, et son fleuve traverse presque tout le pays. Égypte
100%
Ce pays est immense, plein de mines d’uranium, très sec, et peuplé de kangourous. Australie
99%
Ce pays est célèbre pour ses baguettes, ses grèves, ses fromages et une tour en fer très visitée. France
99%
On y mange des sushis, on y dort dans des capsules, et les cerisiers y sont en fleurs au printemps. Japon
99%
Ce pays a deux langues officielles, une frite qui n’est pas française, et un surréaliste nommé Magritte. Belgique
88%
On y parle portugais, on danse la samba, on adore le foot, et la jungle y est immense. Brésil
88%
Ce pays a un mur célèbre qui n’existe plus, des voitures puissantes, et une réputation d’efficacité. Allemagne
87%
Ce pays est souvent recouvert de neige, ses habitants sont très polis, et les érables y dominent. Canada
86%
On y entend beaucoup parler espagnol, mais ce n’est pas en Espagne. Les tacos y sont roi, et les sombreros bien connus. Mexique
86%
Ce pays a été un empire pendant des siècles, a conquis une bonne partie de l’Europe, et sa capitale est désormais très visitée pour ses ruines. Italie
79%
Ses habitants adorent le rugby, ses moutons sont nombreux, et ses paysages ont servi dans Le Seigneur des Anneaux. Nouvelle-Zélande
77%
Ce pays est long et mince, avec un désert au nord, des glaciers au sud, et des poètes célébrés. Chili
72%
Il a une frontière glaciale avec la Russie, des aurores boréales, et un niveau de vie parmi les plus élevés. Norvége
70%
Ce pays a une monarchie très ancienne, des dragons dans les légendes et une passion pour le thé. Royaume-uni
70%
Il est composé de milliers d’îles, ses volcans sont actifs, et c’est le pays musulman le plus peuplé. Indonésie
66%
Ce pays a une histoire coloniale douloureuse, parle le swahili, et le Kilimandjaro est sur ses terres. Tanzanie
55%
Ce pays est entouré de voisins puissants, son drapeau est rouge et blanc, et il n’a jamais colonisé personne. Suisse
52%
Ce pays n’a pas d’armée, est célèbre pour ses plages, et la "pura vida" y est une philosophie. Costa Rica
37%
Aucun quiz correspondant
Distribution des résultats
% des personnes avec chaque résultat
Percentile par nombre de réponses
Votre historique - résultats
Vous n’avez pas pris ce quiz